[Event "FIDE World Cup 2025"]
[Site "Goa, India"]
[Date "2025.11.01"]
[Round "1.24"]
[White "Brkic, Ante"]
[Black "Oro, Faustino"]
[Result "1/2-1/2"]
[TimeControl ": 90 minutes for the first 40 moves, followed by 30 minutes for the rest of the gamewith an increment of 30 seconds per move starting from move 1"]
[WhiteFideId "14506688"]
[BlackFideId "20000197"]
[WhiteElo "2578"]
[BlackElo "2509"]

1. e4 {[%clk 01:30:58]} {[%emt 00:00:01]} c6 {[%clk 01:30:54]} {[%emt
00:00:08]} 2. d4 {[%clk 01:30:46]} {[%emt 00:00:42]} d5 {[%clk 01:31:09]}
{[%emt 00:00:15]} 3. e5 {[%clk 01:30:43]} {[%emt 00:00:32]} Bf5 {[%clk
01:31:26]} {[%emt 00:00:12]} 4. Nf3 {[%clk 01:26:55]} {[%emt 00:04:19]} e6
{[%clk 01:31:50]} {[%emt 00:00:06]} 5. c3 {[%clk 01:27:20]} {[%emt 00:00:05]}
Ne7 {[%clk 01:19:43]} {[%emt 00:12:36]} 6. Be2 {[%clk 01:26:06]} {[%emt
00:01:44]} Ng6 {[%clk 01:18:56]} {[%emt 00:01:18]} 7. a4 {[%clk 01:25:14]}
{[%emt 00:01:22]} f6 {[%clk 01:13:51]} {[%emt 00:05:34]} 8. h4 {[%clk
01:25:39]} {[%emt 00:00:05]} h5 {[%clk 01:10:19]} {[%emt 00:04:01]} 9. Bd3
{[%clk 01:21:24]} {[%emt 00:04:45]} fxe5 {[%clk 01:06:57]} {[%emt 00:03:52]} 10.
Bxf5 {[%clk 01:16:21]} {[%emt 00:05:33]} exf5 {[%clk 01:06:25]} {[%emt
00:01:02]} 11. Nxe5 {[%clk 01:14:38]} {[%emt 00:02:13]} Nxe5 {[%clk 00:58:36]}
{[%emt 00:08:19]} 12. dxe5 {[%clk 01:15:06]} {[%emt 00:00:02]} Nd7 {[%clk
00:57:04]} {[%emt 00:02:02]} 13. Bf4 {[%clk 00:58:10]} {[%emt 00:17:27]} Nc5
{[%clk 00:54:52]} {[%emt 00:02:42]} 14. Qc2 {[%clk 00:58:23]} {[%emt 00:00:17]}
g6 {[%clk 00:46:13]} {[%emt 00:09:09]} 15. Nd2 {[%clk 00:58:29]} {[%emt
00:00:24]} d4 {[%clk 00:35:26]} {[%emt 00:11:18]} 16. cxd4 {[%clk 00:31:27]}
{[%emt 00:27:32]} Qxd4 {[%clk 00:34:18]} {[%emt 00:01:37]} 17. Be3 {[%clk
00:31:54]} {[%emt 00:00:03]} Qd3 {[%clk 00:26:07]} {[%emt 00:08:41]} 18. Qxd3
{[%clk 00:28:39]} {[%emt 00:03:45]} Nxd3+ {[%clk 00:26:12]} {[%emt 00:00:25]}
19. Ke2 {[%clk 00:29:08]} Nb4 {[%clk 00:25:50]} {[%emt 00:00:51]} 20. Nc4
{[%clk 00:21:33]} {[%emt 00:08:06]} Kf7 {[%clk 00:21:14]} {[%emt 00:05:05]} 21.
Na5 {[%clk 00:15:50]} {[%emt 00:06:14]} b6 {[%clk 00:18:03]} {[%emt 00:03:41]}
22. Nc4 {[%clk 00:11:22]} {[%emt 00:04:57]} Be7 {[%clk 00:13:09]} {[%emt
00:05:24]} 23. g3 {[%clk 00:10:15]} {[%emt 00:01:37]} Rhd8 {[%clk 00:12:36]}
{[%emt 00:01:02]} 24. Rac1 {[%clk 00:08:16]} {[%emt 00:02:31]} Rd5 {[%clk
00:08:10]} {[%emt 00:04:56]} 25. Rhd1 {[%clk 00:07:42]} {[%emt 00:01:03]} Rxd1
{[%clk 00:07:04]} {[%emt 00:01:36]} 26. Rxd1 {[%clk 00:07:58]} {[%emt
00:00:14]} Ke6 {[%clk 00:06:50]} {[%emt 00:00:44]} 27. Bg5 {[%clk 00:07:16]}
{[%emt 00:01:12]} Bc5 {[%clk 00:07:03]} {[%emt 00:00:15]} 28. Be3 {[%clk
00:06:56]} {[%emt 00:00:52]} Be7 {[%clk 00:07:11]} {[%emt 00:00:23]} 29. Bg5
{[%clk 00:05:56]} {[%emt 00:01:30]} Bc5 {[%clk 00:07:35]} {[%emt 00:00:06]} 30.
Be3 {[%clk 00:05:05]} {[%emt 00:01:21]} Be7 {[%clk 00:03:58]} {[%emt 00:04:05]}
1/2-1/2

[Event "FIDE World Cup 2025"]
[Site "Goa, India"]
[Date "2025.11.01"]
[Round "1.25"]
[White "Parligras, Mircea-Emilian"]
[Black "Fier, Alexandr"]
[Result "0-1"]
[TimeControl ": 90 minutes for the first 40 moves, followed by 30 minutes for the rest of the gamewith an increment of 30 seconds per move starting from move 1"]
[WhiteFideId "1204297"]
[BlackFideId "2107139"]
[WhiteElo "2510"]
[BlackElo "2577"]

1. e4 {[%clk 01:30:56]} {[%emt 00:00:03]} e5 {[%clk 01:30:14]} {[%emt
00:00:47]} 2. Nf3 {[%clk 01:31:16]} {[%emt 00:00:10]} Nf6 {[%clk 01:30:39]}
{[%emt 00:00:05]} 3. Nxe5 {[%clk 01:31:23]} {[%emt 00:00:23]} d6 {[%clk
01:31:04]} {[%emt 00:00:05]} 4. Nf3 {[%clk 01:31:18]} {[%emt 00:00:34]} Nxe4
{[%clk 01:31:29]} {[%emt 00:00:06]} 5. d4 {[%clk 01:31:17]} {[%emt 00:00:31]}
d5 {[%clk 01:31:53]} {[%emt 00:00:06]} 6. Bd3 {[%clk 01:31:10]} {[%emt
00:00:36]} Be7 {[%clk 01:32:17]} {[%emt 00:00:06]} 7. O-O {[%clk 01:30:58]}
{[%emt 00:00:42]} Nc6 {[%clk 01:32:07]} {[%emt 00:00:41]} 8. Re1 {[%clk
01:25:37]} {[%emt 00:05:50]} Bg4 {[%clk 01:31:50]} {[%emt 00:00:47]} 9. c4
{[%clk 01:17:52]} {[%emt 00:08:16]} Nf6 {[%clk 01:29:04]} {[%emt 00:03:16]} 10.
cxd5 {[%clk 01:11:17]} {[%emt 00:07:05]} Bxf3 {[%clk 01:29:22]} {[%emt
00:00:11]} 11. Qxf3 {[%clk 01:11:35]} {[%emt 00:00:12]} Qxd5 {[%clk 01:29:48]}
{[%emt 00:00:05]} 12. Qh3 {[%clk 01:03:11]} {[%emt 00:08:53]} Qxd4 {[%clk
01:29:51]} {[%emt 00:00:27]} 13. Nc3 {[%clk 01:00:05]} {[%emt 00:03:37]} Ng4
{[%clk 01:28:00]} {[%emt 00:02:22]} 14. Be3 {[%clk 00:50:00]} {[%emt 00:10:34]}
Qxd3 {[%clk 01:22:16]} {[%emt 00:06:14]} 15. Qxg4 {[%clk 00:50:23]} {[%emt
00:00:07]} O-O {[%clk 01:21:47]} {[%emt 00:00:59]} 16. Bf4 {[%clk 00:39:51]}
{[%emt 00:11:02]} Rac8 {[%clk 01:19:26]} {[%emt 00:02:51]} 17. Rad1 {[%clk
00:37:17]} {[%emt 00:03:04]} Qg6 {[%clk 01:19:51]} {[%emt 00:00:05]} 18. Qe2
{[%clk 00:34:54]} {[%emt 00:02:53]} Bb4 {[%clk 01:19:13]} {[%emt 00:01:08]} 19.
Qb5 {[%clk 00:29:59]} {[%emt 00:05:25]} Bxc3 {[%clk 01:12:30]} {[%emt
00:07:13]} 20. bxc3 {[%clk 00:30:24]} {[%emt 00:00:05]} Nd8 {[%clk 01:05:59]}
{[%emt 00:07:01]} 21. Bxc7 {[%clk 00:26:43]} {[%emt 00:04:11]} Qc6 {[%clk
01:03:26]} {[%emt 00:03:03]} 22. Qxc6 {[%clk 00:26:54]} {[%emt 00:00:19]} Nxc6
{[%clk 01:03:53]} {[%emt 00:00:03]} 23. Bd6 {[%clk 00:22:44]} {[%emt 00:04:40]}
Rfe8 {[%clk 01:02:35]} {[%emt 00:01:47]} 24. c4 {[%clk 00:20:04]} {[%emt
00:03:11]} b6 {[%clk 01:02:23]} {[%emt 00:00:42]} 25. c5 {[%clk 00:16:01]}
{[%emt 00:04:33]} b5 {[%clk 01:01:42]} {[%emt 00:01:11]} 26. Kf1 {[%clk
00:15:37]} {[%emt 00:00:53]} a5 {[%clk 01:01:19]} {[%emt 00:00:54]} 27. a3
{[%clk 00:13:34]} {[%emt 00:02:33]} f6 {[%clk 01:00:36]} {[%emt 00:01:13]} 28.
Rb1 {[%clk 00:13:39]} {[%emt 00:00:24]} b4 {[%clk 00:59:36]} {[%emt 00:01:30]}
29. axb4 {[%clk 00:13:35]} {[%emt 00:00:34]} axb4 {[%clk 01:00:03]} {[%emt
00:00:03]} 30. Ra1 {[%clk 00:12:29]} {[%emt 00:01:36]} Rxe1+ {[%clk 00:58:48]}
{[%emt 00:01:45]} 31. Kxe1 {[%clk 00:11:38]} {[%emt 00:01:20]} Kf7 {[%clk
00:59:16]} {[%emt 00:00:03]} 32. Kd2 {[%clk 00:08:47]} {[%emt 00:03:21]} Ke6
{[%clk 00:59:42]} {[%emt 00:00:03]} 33. Kd3 {[%clk 00:02:54]} {[%emt 00:06:23]}
Kd5 {[%clk 01:00:09]} {[%emt 00:00:04]} 34. f4 {[%clk 00:02:14]} {[%emt
00:01:10]} Re8 {[%clk 00:59:36]} {[%emt 00:01:02]} 35. g4 {[%clk 00:01:50]}
{[%emt 00:00:54]} Re4 {[%clk 00:58:22]} {[%emt 00:01:45]} 36. Ra6 {[%clk
00:01:21]} {[%emt 00:00:59]} Re1 {[%clk 00:56:10]} {[%emt 00:02:42]} 37. Rb6
{[%clk 00:01:08]} {[%emt 00:00:43]} Rg1 {[%clk 00:56:34]} {[%emt 00:00:05]} 38.
Rb7 {[%clk 00:01:03]} {[%emt 00:00:35]} Rd1+ {[%clk 00:46:55]} {[%emt
00:10:09]} 39. Kc2 {[%clk 00:01:23]} {[%emt 00:00:10]} Rh1 {[%clk 00:47:21]}
{[%emt 00:00:03]} 40. Rxg7 {[%clk 00:00:57]} {[%emt 00:00:56]} Rxh2+ {[%clk
00:47:49]} {[%emt 00:00:03]} 41. Kd3 {[%clk 00:24:13]} {[%emt 00:07:14]} Rh3+
{[%clk 01:17:29]} {[%emt 00:00:49]} 42. Kd2 {[%clk 00:24:27]} {[%emt 00:00:15]}
b3 {[%clk 01:16:18]} {[%emt 00:01:41]} 43. Be7 {[%clk 00:10:10]} {[%emt
00:14:47]} Rh2+ {[%clk 01:06:47]} {[%emt 00:10:01]} 44. Kc1 {[%clk 00:10:01]}
{[%emt 00:00:39]} Na5 {[%clk 01:04:02]} {[%emt 00:03:15]} 45. Bxf6 {[%clk
00:09:32]} {[%emt 00:00:58]} Nc4 {[%clk 01:04:29]} {[%emt 00:00:04]} 46. Kd1
{[%clk 00:07:30]} {[%emt 00:02:32]} b2 {[%clk 01:03:50]} {[%emt 00:01:09]} 47.
Rb7 {[%clk 00:06:31]} {[%emt 00:01:29]} Rh1+ {[%clk 01:03:57]} {[%emt
00:00:24]} 0-1

[Event "FIDE World Cup 2025"]
[Site "Goa, India"]
[Date "2025.11.01"]
[Round "1.26"]
[White "Lupulescu, Constantin"]
[Black "Blohberger, Felix"]
[Result "1/2-1/2"]
[TimeControl ": 90 minutes for the first 40 moves, followed by 30 minutes for the rest of the gamewith an increment of 30 seconds per move starting from move 1"]
[WhiteFideId "1207822"]
[BlackFideId "1632051"]
[WhiteElo "2577"]
[BlackElo "2513"]

1. e4 {[%clk 01:30:57]} {[%emt 00:00:02]} e5 {[%clk 01:30:26]} {[%emt
00:00:34]} 2. Nf3 {[%clk 01:31:21]} {[%emt 00:00:05]} Nc6 {[%clk 01:30:40]}
{[%emt 00:00:17]} 3. Bc4 {[%clk 01:31:47]} {[%emt 00:00:04]} Nf6 {[%clk
01:30:52]} {[%emt 00:00:18]} 4. Ng5 {[%clk 01:32:10]} {[%emt 00:00:07]} d5
{[%clk 01:30:48]} {[%emt 00:00:34]} 5. exd5 {[%clk 01:32:33]} {[%emt 00:00:07]}
Na5 {[%clk 01:31:11]} {[%emt 00:00:07]} 6. Bb5+ {[%clk 01:32:55]} {[%emt
00:00:07]} c6 {[%clk 01:30:28]} {[%emt 00:01:13]} 7. dxc6 {[%clk 01:32:53]}
{[%emt 00:00:32]} bxc6 {[%clk 01:30:51]} {[%emt 00:00:08]} 8. Bd3 {[%clk
01:33:08]} {[%emt 00:00:14]} Nd5 {[%clk 01:27:11]} {[%emt 00:04:10]} 9. Nf3
{[%clk 01:33:00]} {[%emt 00:00:38]} Bd6 {[%clk 01:26:04]} {[%emt 00:01:37]} 10.
Nc3 {[%clk 01:32:53]} {[%emt 00:00:37]} Nf4 {[%clk 01:11:15]} {[%emt 00:15:19]}
11. O-O {[%clk 01:32:34]} {[%emt 00:00:49]} Nxd3 {[%clk 01:11:35]} {[%emt
00:00:10]} 12. cxd3 {[%clk 01:32:58]} {[%emt 00:00:05]} O-O {[%clk 01:11:55]}
{[%emt 00:00:11]} 13. Re1 {[%clk 01:33:02]} {[%emt 00:00:26]} c5 {[%clk
01:11:43]} {[%emt 00:00:42]} 14. b3 {[%clk 01:15:44]} {[%emt 00:17:48]} f6
{[%clk 01:08:42]} {[%emt 00:03:31]} 15. Ba3 {[%clk 01:11:09]} {[%emt 00:05:06]}
Bf5 {[%clk 00:52:18]} {[%emt 00:16:54]} 16. Ne4 {[%clk 01:09:10]} {[%emt
00:02:29]} Nb7 {[%clk 00:48:16]} {[%emt 00:04:31]} 17. Nh4 {[%clk 00:59:13]}
{[%emt 00:10:27]} Be6 {[%clk 00:43:52]} {[%emt 00:04:53]} 18. Qf3 {[%clk
00:57:43]} {[%emt 00:02:01]} Be7 {[%clk 00:35:33]} {[%emt 00:08:49]} 19. Nf5
{[%clk 00:56:24]} {[%emt 00:01:49]} Bxf5 {[%clk 00:33:39]} {[%emt 00:02:25]} 20.
Qxf5 {[%clk 00:56:45]} {[%emt 00:00:09]} Rf7 {[%clk 00:31:29]} {[%emt
00:02:39]} 21. Rec1 {[%clk 00:48:24]} {[%emt 00:08:51]} Qa5 {[%clk 00:26:14]}
{[%emt 00:05:45]} 22. Bb2 {[%clk 00:47:52]} {[%emt 00:01:03]} Rd8 {[%clk
00:25:28]} {[%emt 00:01:15]} 23. Rc4 {[%clk 00:39:39]} {[%emt 00:08:42]} Bf8
{[%clk 00:21:47]} {[%emt 00:04:11]} 24. h4 {[%clk 00:34:34]} {[%emt 00:05:35]}
Qb6 {[%clk 00:16:34]} {[%emt 00:05:42]} 25. Rac1 {[%clk 00:27:55]} {[%emt
00:07:11]} Nd6 {[%clk 00:15:39]} {[%emt 00:01:25]} 26. Nxd6 {[%clk 00:28:07]}
{[%emt 00:00:18]} Qxd6 {[%clk 00:15:38]} {[%emt 00:00:31]} 27. Rxc5 {[%clk
00:21:34]} {[%emt 00:07:03]} Qxd3 {[%clk 00:13:51]} {[%emt 00:02:17]} 28. Qxd3
{[%clk 00:21:55]} {[%emt 00:00:09]} Rxd3 {[%clk 00:14:16]} {[%emt 00:00:05]} 29.
R5c2 {[%clk 00:21:10]} {[%emt 00:01:15]} Rfd7 {[%clk 00:14:34]} {[%emt
00:00:12]} 30. Bc3 {[%clk 00:18:38]} {[%emt 00:03:02]} Kf7 {[%clk 00:13:44]}
{[%emt 00:01:19]} 31. Re1 {[%clk 00:16:50]} {[%emt 00:02:18]} g6 {[%clk
00:10:43]} {[%emt 00:03:32]} 32. Re4 {[%clk 00:15:25]} {[%emt 00:01:55]} Bh6
{[%clk 00:07:06]} {[%emt 00:04:07]} 33. Ra4 {[%clk 00:14:58]} {[%emt 00:00:56]}
Rc7 {[%clk 00:04:01]} {[%emt 00:03:35]} 34. Rb2 {[%clk 00:12:29]} {[%emt
00:03:00]} Bf8 {[%clk 00:02:21]} {[%emt 00:02:09]} 35. Kf1 {[%clk 00:10:30]}
{[%emt 00:02:29]} Ke6 {[%clk 00:01:53]} {[%emt 00:00:58]} 36. Ke2 {[%clk
00:09:33]} {[%emt 00:01:27]} Rd5 {[%clk 00:02:15]} {[%emt 00:00:08]} 37. Rc4
{[%clk 00:07:08]} {[%emt 00:02:56]} Kd7 {[%clk 00:00:49]} {[%emt 00:01:56]} 38.
Rc2 {[%clk 00:03:50]} {[%emt 00:03:48]} Bd6 {[%clk 00:00:45]} {[%emt 00:00:34]}
39. Bb4 {[%clk 00:02:32]} {[%emt 00:01:48]} Rxc4 {[%clk 00:00:36]} {[%emt
00:00:39]} 40. Rxc4 {[%clk 00:02:18]} {[%emt 00:00:43]} Bxb4 {[%clk 00:00:32]}
{[%emt 00:00:34]} 41. Rxb4 {[%clk 00:02:29]} {[%emt 00:00:20]} Kc7 {[%clk
00:29:16]} {[%emt 00:01:46]} 42. Ra4 {[%clk 00:23:05]} {[%emt 00:09:54]} a5
{[%clk 00:25:42]} {[%emt 00:04:04]} 43. Ke3 {[%clk 00:16:57]} {[%emt 00:06:38]}
Rb5 {[%clk 00:19:22]} {[%emt 00:06:50]} 44. d4 {[%clk 00:15:21]} {[%emt
00:02:06]} Kd6 {[%clk 00:15:37]} {[%emt 00:04:16]} 45. g3 {[%clk 00:12:54]}
{[%emt 00:02:57]} h5 {[%clk 00:13:16]} {[%emt 00:02:50]} 46. Rc4 {[%clk
00:06:36]} {[%emt 00:06:48]} g5 {[%clk 00:08:37]} {[%emt 00:05:10]} 47. Ke4
{[%clk 00:05:12]} {[%emt 00:01:54]} exd4 {[%clk 00:03:48]} {[%emt 00:05:19]} 48.
Rxd4+ {[%clk 00:05:09]} {[%emt 00:00:32]} Ke6 {[%clk 00:03:23]} {[%emt
00:00:55]} 49. f4 {[%clk 00:04:56]} {[%emt 00:00:44]} gxh4 {[%clk 00:03:05]}
{[%emt 00:00:48]} 50. gxh4 {[%clk 00:05:20]} {[%emt 00:00:06]} Rb8 {[%clk
00:03:05]} {[%emt 00:00:30]} 51. Rc4 {[%clk 00:02:35]} {[%emt 00:03:15]} Rb6
{[%clk 00:03:03]} {[%emt 00:00:30]} 52. Ra4 {[%clk 00:01:12]} {[%emt 00:01:55]}
Rb5 {[%clk 00:03:21]} {[%emt 00:00:12]} 53. Rd4 {[%clk 00:01:34]} {[%emt
00:00:07]} Rb8 {[%clk 00:02:46]} {[%emt 00:01:05]} 54. f5+ {[%clk 00:01:34]}
{[%emt 00:00:31]} Ke7 {[%clk 00:03:09]} {[%emt 00:00:06]} 55. Rd5 {[%clk
00:01:38]} {[%emt 00:00:26]} Rb4+ {[%clk 00:02:21]} {[%emt 00:01:18]} 56. Rd4
{[%clk 00:01:52]} {[%emt 00:00:17]} Rb5 {[%clk 00:02:45]} {[%emt 00:00:06]} 57.
Rd5 {[%clk 00:02:19]} {[%emt 00:00:03]} Rb4+ {[%clk 00:03:09]} {[%emt
00:00:05]} 58. Kd3 {[%clk 00:00:58]} {[%emt 00:01:50]} Rxh4 {[%clk 00:03:27]}
{[%emt 00:00:12]} 59. Rxa5 {[%clk 00:01:27]} {[%emt 00:00:02]} Kd6 {[%clk
00:03:14]} {[%emt 00:00:43]} 60. Ra8 {[%clk 00:01:23]} {[%emt 00:00:34]} Rf4
{[%clk 00:01:36]} {[%emt 00:02:08]} 61. a4 {[%clk 00:01:35]} {[%emt 00:00:19]}
Rxf5 {[%clk 00:01:40]} {[%emt 00:00:26]} 62. Kc4 {[%clk 00:01:15]} {[%emt
00:00:49]} Kc6 {[%clk 00:01:58]} {[%emt 00:00:12]} 63. Rh8 {[%clk 00:01:12]}
{[%emt 00:00:34]} Rf4+ {[%clk 00:02:12]} {[%emt 00:00:16]} 64. Kc3 {[%clk
00:01:01]} {[%emt 00:00:41]} h4 {[%clk 00:02:33]} {[%emt 00:00:09]} 65. b4
{[%clk 00:00:57]} {[%emt 00:00:34]} Rf3+ {[%clk 00:02:51]} {[%emt 00:00:12]} 66.
Kc4 {[%clk 00:01:20]} {[%emt 00:00:07]} Rf4+ {[%clk 00:03:17]} {[%emt
00:00:04]} 67. Kc3 {[%clk 00:01:46]} {[%emt 00:00:05]} 1/2-1/2

[Event "FIDE World Cup 2025"]
[Site "Goa, India"]
[Date "2025.11.01"]
[Round "1.28"]
[White "Bartel, Mateusz"]
[Black "Aronyak, Ghosh"]
[Result "1-0"]
[TimeControl ": 90 minutes for the first 40 moves, followed by 30 minutes for the rest of the gamewith an increment of 30 seconds per move starting from move 1"]
[WhiteFideId "1112635"]
[BlackFideId "25072846"]
[WhiteElo "2581"]
[BlackElo "2514"]

1. e4 {[%clk 01:30:56]} {[%emt 00:00:03]} e5 {[%clk 01:30:29]} {[%emt
00:00:32]} 2. Nf3 {[%clk 01:31:15]} {[%emt 00:00:11]} Nf6 {[%clk 01:30:50]}
{[%emt 00:00:09]} 3. Nxe5 {[%clk 01:27:18]} {[%emt 00:04:26]} d6 {[%clk
01:31:00]} {[%emt 00:00:20]} 4. Nf3 {[%clk 01:27:25]} {[%emt 00:00:23]} Nxe4
{[%clk 01:31:23]} {[%emt 00:00:08]} 5. Bd3 {[%clk 01:27:49]} {[%emt 00:00:05]}
Nf6 {[%clk 01:29:38]} {[%emt 00:02:15]} 6. O-O {[%clk 01:26:56]} {[%emt
00:01:22]} Be7 {[%clk 01:30:01]} {[%emt 00:00:08]} 7. h3 {[%clk 01:27:19]}
{[%emt 00:00:06]} O-O {[%clk 01:30:26]} {[%emt 00:00:06]} 8. Re1 {[%clk
01:25:06]} {[%emt 00:02:43]} Re8 {[%clk 01:27:31]} {[%emt 00:03:25]} 9. b3
{[%clk 01:24:22]} {[%emt 00:01:14]} Nbd7 {[%clk 01:19:28]} {[%emt 00:08:33]} 10.
Bb2 {[%clk 01:21:56]} {[%emt 00:02:56]} b6 {[%clk 01:16:54]} {[%emt 00:03:04]}
11. Bb5 {[%clk 00:52:58]} {[%emt 00:29:27]} Bb7 {[%clk 01:14:22]} {[%emt
00:03:03]} 12. d4 {[%clk 00:53:26]} {[%emt 00:00:02]} Bf8 {[%clk 01:02:38]}
{[%emt 00:12:13]} 13. Nbd2 {[%clk 00:52:45]} {[%emt 00:01:10]} Rxe1+ {[%clk
00:56:57]} 14. Qxe1 {[%clk 00:53:12]} {[%emt 00:06:15]} Qe7 {[%clk 00:54:53]}
{[%emt 00:02:35]} 15. Qf1 {[%clk 00:53:01]} {[%emt 00:00:41]} Re8 {[%clk
00:54:35]} {[%emt 00:00:48]} 16. Ba6 {[%clk 00:49:33]} {[%emt 00:03:57]} Ba8
{[%clk 00:51:57]} {[%emt 00:03:09]} 17. a4 {[%clk 00:49:20]} {[%emt 00:00:43]}
Ne4 {[%clk 00:47:52]} {[%emt 00:04:35]} 18. Re1 {[%clk 00:45:13]} {[%emt
00:04:38]} Qd8 {[%clk 00:45:58]} {[%emt 00:02:24]} 19. Nxe4 {[%clk 00:34:00]}
{[%emt 00:11:43]} Bxe4 {[%clk 00:42:01]} {[%emt 00:04:26]} 20. Bb5 {[%clk
00:33:44]} {[%emt 00:00:47]} Bxf3 {[%clk 00:37:40]} {[%emt 00:04:51]} 21. Rxe8
{[%clk 00:34:06]} {[%emt 00:00:07]} Qxe8 {[%clk 00:38:07]} {[%emt 00:00:03]} 22.
gxf3 {[%clk 00:34:30]} {[%emt 00:00:06]} d5 {[%clk 00:36:55]} {[%emt 00:01:41]}
23. Qe2 {[%clk 00:28:31]} {[%emt 00:06:29]} Qd8 {[%clk 00:33:15]} {[%emt
00:04:11]} 24. Bc1 {[%clk 00:28:02]} {[%emt 00:01:00]} Bd6 {[%clk 00:32:51]}
{[%emt 00:00:53]} 25. Bc6 {[%clk 00:27:54]} {[%emt 00:00:38]} Nf6 {[%clk
00:32:48]} {[%emt 00:00:33]} 26. Qa6 {[%clk 00:27:28]} {[%emt 00:00:57]} h6
{[%clk 00:24:04]} {[%emt 00:09:14]} 27. Qxa7 {[%clk 00:26:59]} {[%emt
00:00:59]} Qe7 {[%clk 00:24:27]} {[%emt 00:00:07]} 28. Qa8+ {[%clk 00:18:09]}
{[%emt 00:09:20]} Kh7 {[%clk 00:24:55]} {[%emt 00:00:02]} 29. Qa6 {[%clk
00:18:35]} {[%emt 00:00:05]} Qe6 {[%clk 00:23:55]} {[%emt 00:01:29]} 30. Kg2
{[%clk 00:18:34]} {[%emt 00:00:31]} Nh5 {[%clk 00:23:18]} {[%emt 00:01:08]} 31.
Qd3+ {[%clk 00:18:05]} {[%emt 00:00:59]} Kg8 {[%clk 00:22:38]} {[%emt
00:01:09]} 32. c4 {[%clk 00:10:42]} {[%emt 00:07:53]} dxc4 {[%clk 00:21:31]}
{[%emt 00:01:37]} 33. Qxc4 {[%clk 00:11:07]} {[%emt 00:00:06]} Nf4+ {[%clk
00:19:49]} {[%emt 00:02:12]} 34. Bxf4 {[%clk 00:10:33]} {[%emt 00:01:04]} Qxc4
{[%clk 00:20:14]} {[%emt 00:00:05]} 35. bxc4 {[%clk 00:10:59]} {[%emt
00:00:04]} Bxf4 {[%clk 00:20:40]} {[%emt 00:00:04]} 36. Kf1 {[%clk 00:10:27]}
{[%emt 00:01:02]} Kf8 {[%clk 00:18:35]} {[%emt 00:02:35]} 37. Ke2 {[%clk
00:10:33]} {[%emt 00:00:24]} Ke7 {[%clk 00:19:00]} {[%emt 00:00:06]} 38. c5
{[%clk 00:10:59]} {[%emt 00:00:05]} Kd8 {[%clk 00:18:21]} {[%emt 00:01:08]} 39.
Kd3 {[%clk 00:07:23]} {[%emt 00:04:06]} Bc1 {[%clk 00:16:43]} {[%emt 00:02:09]}
40. Bb7 {[%clk 00:06:08]} {[%emt 00:01:45]} g5 {[%clk 00:14:17]} {[%emt
00:02:56]} 41. Kc4 {[%clk 00:04:10]} {[%emt 00:02:27]} Bb2 {[%clk 00:14:20]}
{[%emt 00:00:27]} 42. Bd5 {[%clk 00:29:16]} {[%emt 00:05:24]} bxc5 {[%clk
00:35:43]} {[%emt 00:09:08]} 43. Kxc5 {[%clk 00:21:54]} {[%emt 00:07:52]} Kc8
{[%clk 00:34:29]} {[%emt 00:01:44]} 44. Bxf7 {[%clk 00:22:00]} {[%emt
00:00:24]} Bc3 {[%clk 00:34:46]} {[%emt 00:00:13]} 45. f4 {[%clk 00:21:56]}
{[%emt 00:00:34]} gxf4 {[%clk 00:35:05]} {[%emt 00:00:11]} 46. f3 {[%clk
00:22:24]} {[%emt 00:00:02]} Kb7 {[%clk 00:34:08]} {[%emt 00:01:27]} 47. Kd5
{[%clk 00:18:44]} {[%emt 00:04:09]} c6+ {[%clk 00:30:21]} {[%emt 00:04:18]} 48.
Ke4 {[%clk 00:16:42]} {[%emt 00:02:31]} Kc7 {[%clk 00:30:33]} {[%emt 00:00:18]}
49. d5 {[%clk 00:16:54]} {[%emt 00:00:18]} cxd5+ {[%clk 00:26:14]} {[%emt
00:04:49]} 50. Bxd5 {[%clk 00:17:10]} {[%emt 00:00:14]} Bd2 {[%clk 00:26:33]}
{[%emt 00:00:11]} 51. Kf5 {[%clk 00:17:22]} {[%emt 00:00:17]} Kd6 {[%clk
00:26:39]} {[%emt 00:00:24]} 52. Be4 {[%clk 00:17:10]} {[%emt 00:00:42]} 1-0